| 000 | 00462nam a2200145Ia 4500 | ||
|---|---|---|---|
| 008 | 170221s9999 xx 000 0 und d | ||
| 100 | _aAdams, Michael | ||
| 245 | _aBlack Swans and VaR | ||
| 245 | _cMichael Adams, Jacksonville University; Barry Thornton, Jacksonville University. | ||
| 260 | _bJournal of Management and Marketing Research | ||
| 260 | _c2014 | ||
| 300 | _a13 : | ||
| 650 | _xBusiness | ||
| 856 | _uhttp://www.aabri.com/manuscripts/131653.pdf | ||
| 999 |
_c313162 _d313162 |
||